| 000 | 01038nac a22002771u 4500 | ||
|---|---|---|---|
| 010 | _a 92003830 | ||
| 020 | _a0824785797 | ||
| 082 | 0 | 0 |
_a620.1126 _bMEY |
| 090 |
_c6502 _d6502 |
||
| 100 | _a20080729 | ||
| 245 | 0 | 0 |
_aShock-wave and high-strain-rate phenomena in materials / _cedited by Marc A. Meyers, Lawrence E. Murr, Karl P. Staudhammer. |
| 260 |
_aNew York : _bMarcel Dekker,1992 _c1992. |
||
| 300 |
_axxi, 1159 p. : _bill. ; _c24 cm. |
||
| 490 | 1 | _aMechanical engineering | |
| 500 | _adistributer: Al-Ahram | ||
| 504 | _aIncludes bibliographical references and index. | ||
| 511 | _acatalogued by: wessam | ||
| 650 | 0 | _aDeformations (Mechanics) | |
| 650 | 0 | _aShock (Mechanics) | |
| 700 | 1 | _aMeyers, Marc A. | |
| 700 | 1 | _aMurr, Lawrence Eugene. | |
| 700 | 1 | _aStaudhammer, Karl P. | |
| 830 | 0 | _aMechanical engineering (Marcel Dekker, Inc.) | |
| 856 | 4 | 2 |
_3Publisher description _uhttp://www.loc.gov/catdir/enhancements/fy0647/92003830-d.html |
| 942 |
_cBB _k620.1126MEY |
||
| 999 |
_c6502 _d6502 |
||